Peéry Rezső levelei elé

Bibliographic Details
Main Author: Köbölkúti, József (Author)
Format: Article
Language:Hungarian
Subjects:

MARC

LEADER 00000nab a2200000 a 4500
001 vtls000471434
003 SK-MaSNL
005 20260319073934.0
008 160202c1992 xo 0 hun
015 |a SNBRB19rr/mm-uuuuu 
035 |a CL0471567 
040 |a SNKBUCL  |b slo  |c SNKBUCL  |e AACR2 
041 0 |a hun 
044 |a xo  |c SK 
080 |a 82:929:894.511=945.11  |2 1981 
080 |a 929  |2 1981 
080 |a 894.511=945.11  |2 1981 
080 |a 894.511  |2 1981 
080 |a 929 Peéry, Rezső  |2 1981 
100 1 |a Köbölkúti, József  |4 aut  |9 944878 
245 1 0 |a Peéry Rezső levelei elé  |c József Köbölkúti 
600 1 7 |a Peéry, Rezső,  |d 1910-1977  |2 SNKMA  |9 191805 
650 0 7 |a korešpondencia  |2 SNKPH  |9 645 
655 7 |a články z novín a časopisov  |2 snkbucl  |9 267496 
655 7 |a články z odboru literárna veda a krásna literatúra  |2 snkbucl  |9 770045 
773 0 |t Irodalmi szemle  |g Roč. 35, č. 9 (1992), s. 960 
850 |a Slovenská národná knižnica v Martine  |a MTA001 
852 |a SNK  |b KIS3GCP 
958 |a RK 
958 |a HU 
958 |a LX 
992 |a RBX 
999 |c 1563621  |d 1565551